000 00460cam a22001934a 4500
005 20250605164304.0
008 250528s ||||||||||||||||||||||||d
035 _a22205
020 _a9789603789390
040 _aGR-AtMCL
_bgre
_dGR-AtMCL
_eAACR2
245 1 _aΟ ΑΡΛΕΚΙΝΟΣ
250 _a9
260 _bΠατάκης,
_c2016
300 _a23
700 1 _aΣαρη Ζωρζ
_98072
942 _cBK
999 _c7261
_d7261